000 00653nam a2200169 u 4500
001 000237730
003 AM-YeHGA
005 20250617124716.0
008 030620s1994 ai r 000 0 arm d
040 _aAM-YeHGA
100 1 _aԱվագյան, Մելս Աշոտի
245 1 0 _aէլեկտրական ցանցերի խնդիրների ժողովածու /
_cՄ.Ա. Ավագյան; ՀՀ Բարձրագույն կրթ. և գիտ. նախարարություն, ՀՊՃՀ.
260 _aԵրևան :
_bԱ. հ,
_c1994.
300 _a148 էջ.
710 2 _aՀայաստանի պետական ճարտարագիտական համալսարան
090 _c85401
999 _c84125
_d84125